| 000 | 00809nam a22002177a 4500 | ||
|---|---|---|---|
| 999 |
_c15502 _d15502 |
||
| 003 | AR-CdUCM | ||
| 008 | 190427b ||||| |||| 00| 0 spa d | ||
| 040 |
_aMUNICIPALIDAD PROVINCIAL DEL CUSCO _cBIBLIOTECA MUNICIPAL DEL CUSCO |
||
| 082 |
_a343.332 / _bL55 / 1912 |
||
| 245 |
_aPerú : _bLey orgánica del Poder Judicial / |
||
| 260 |
_aLima : _bCasa Editorial de Sanmarti y Co, _c1912. |
||
| 300 |
_a206, VI páginas ; _c20 cm. |
||
| 500 | _aEdición oficial. | ||
| 505 | _aContenido: Ley orgánica del poder Judicial -- Derechos y obligaciones de los jueces -- Tratamiento honores antigüedad -- Uniforme asistencias -- Licencias ... | ||
| 650 |
_aDerecho _9739 |
||
| 650 |
_aPoder Judicial _96946 |
||
| 650 |
_aLeyes _94808 |
||
| 650 |
_aPerú _935 |
||
| 942 |
_2ddc _cLIBROS |
||
| 945 |
_aachl _d2019-04-27 |
||